01014nam a22002417a 45000010005000000030006000050050017000110080041000280200018000690400029000870500008001160820008001241000022001322450010001542600052001643000061002165050007002775200398002845210027006825210018007096500020007276500025007479551FISKH20260225083632.0260123b cb ||||| |||| 00| 0 eng d a9789385252013 aFISKHbengcFISKHdFISKH aPZ7 a625 aAnonymouseAuthor aCar / aUttar Pradesh :bOm Books International ,c2018 a10 unnumbered pages :bcolor illustrations ;c17 x 18 cm aC  aCar is a simple cut-out board book from Om Books International that introduces young children to one of their favorite vehicles — the car — with bright, colorful illustrations and easy language. Designed for toddlers and preschoolers, it uses visuals and simple text to help early learners recognize the shape, parts, and idea of a car while supporting basic vocabulary and early literacy.8 a100 bLexile estimate 8 aC bRaz-Plus  aBoard bookvCar aChildren vVehicles